Những gương mặt giáo sư Việt Nam
Tallennettuna:
| Aineistotyyppi: | Kirja |
|---|---|
| Tagit: |
Lisää tagi
Ei tageja, Lisää ensimmäinen tagi!
|
| Thư viện lưu trữ: | Mạng thư viện Đại học Đà Nẵng |
|---|
| LEADER | 00564nam a2200193 4500 | ||
|---|---|---|---|
| 001 | 000025228 | ||
| 003 | 21721 | ||
| 005 | 20170613100624.0 | ||
| 008 | 170613s sd | ||
| 245 | 1 | 0 | |a Những gương mặt giáo sư Việt Nam |
| 774 | |d H. |d Nxb. Thanh Niên |d 2017 |g Tập 3 |h 475 tr. |t Những gương mặt giáo sư Việt Nam |w 21722 | ||
| OWN | |a LSP | ||
| 999 | |a From the UDN01 | ||
| TYP | |a Monograph | ||
| TYP | |a Printed language | ||
| 980 | |a Mạng thư viện Đại học Đà Nẵng | ||